Summa de tratos y contratos / (Record no. 159452)

MARC details
000 -LEADER
campo de control de longitud fija 01082nam a2200241 i 4500
001 - NÚMERO DE CONTROL
campo de control 159452
003 - IDENTIFICADOR DE NÚMERO DE CONTROL
campo de control ES-MaACL
005 - FECHA Y HORA DE LA ÚLTIMA TRANSACCIÓN
campo de control 20250526131436.0
008 - DATOS DE LONGITUD FIJA--INFORMACIÓN GENERAL
campo de control de longitud fija 960708s1571 sp |||| | spa d
100 1# - ENTRADA PRINCIPAL--NOMBRE DE PERSONA
Nombre de persona Mercado, Tomás de.
9 (RLIN) 80438
245 10 - MENCIÓN DEL TÍTULO
Título Summa de tratos y contratos /
Mención de responsabilidad, etc. compuesta por ... Fray Thomas de Mercado de la Orden de los Predicadores ... ; diuidida en seys libros ; añadidas a la primera addicion muchas nueuas resoluciones y dos libros enteros.
260 ## - PUBLICACIÓN, DISTRIBUCIÓN, ETC.
Lugar de publicación, distribución, etc. En Sevilla :
Nombre del editor, distribuidor, etc. en casa de Hernando Diaz ...,
Fecha de publicación, distribución, etc. 1571.
300 ## - DESCRIPCIÓN FÍSICA
Extensión [13], 162, 228, [16] h. ;
Dimensiones 4º.
530 ## - NOTA DISPONIBLE DE FORMULARIO FÍSICO ADICIONAL
Nota de formato físico adicional disponible Disponible en formato digital.
596 ## - NOTA AL PIE DE IMPRENTA
NOTA AL PIE DE IMPRENTA Colofón precede a tabla, en verso de h. 228.
597 ## - NOTA DE DESCRIPCIÓN FÍSICA
NOTA DE DESCRIPCIÓN FÍSICA Sign.: [ ]1, 2*12, A-T8, V10, 2A-2Z8, 3A-3E8, 3F4, 3G-3H8.
597 ## - NOTA DE DESCRIPCIÓN FÍSICA
NOTA DE DESCRIPCIÓN FÍSICA Port. con grab. xil.
650 #4 - PUNTO DE ACCESO ADICIONAL DE MATERIA--TÉRMINO DE MATERIA
Término de materia o nombre geográfico como elemento de entrada Ética empresarial-
Subdivisión de forma Obras anteriores a 1800.
9 (RLIN) 156275
852 ## - LOCALIZACIÓN
Ubicación ES-MaACL
Número de control de estantería R-839
Nota libre - Enc. perg.
Encuadernación Olim: G-1580
856 ## - LOCALIZACIÓN Y ACCESO ELECTRÓNICOS
Identificador Uniforme de Recursos <a href="http://bdh-rd.bne.es/viewer.vm?id=0000112804&page=1 ">http://bdh-rd.bne.es/viewer.vm?id=0000112804&page=1 </a>
Nota pública Biblioteca Digital Hispánica
942 ## - ELEMENTOS DE ENTRADA SECUNDARIOS (KOHA)
Fuente del sistema de clasificación o colocación Clasificación decimal universal
Holdings
Estatus retirado Estado de pérdida Estado de daño No para préstamo Colección Biblioteca de origen Biblioteca actual Ubicación en estantería Fecha de adquisición Fuente de adquisición Total de préstamos Signatura topográfica completa Código de barras Visto por última vez Precio de reemplazo Tipo de ítem Koha
        Colección digital Biblioteca del Ateneo de Madrid Biblioteca del Ateneo de Madrid Depósito 17/01/2008     R-839 1166926 23/02/2023 23/02/2023 Libro impreso antiguo